000 00785nas a2200253 4500
001 BR9213356
003 BR-BrBNA
005 20231205095251.0
007 ta
008 230509b bl.|||p| |||| 00| 00por d
040 _aBR-BrBNA
_bpor
_cBiblioteca Nacional de Agricultura
041 _a(Pt)
072 _aF03
100 1 _aSouza, R.P.
100 1 _aPereira, M. de F.D.A.
245 1 _aInteracao de luz, GA3 e estratificacao na germinacao de sementes de Impatiens wallerana
650 _aBeijo de Frade
650 _aSemente
650 _aGerminacao
650 _aAcido Giberelico
773 0 _tRevista Brasileira de Fisiologia Vegetal (Brazil)
_xISSN 0103-3131
_g(Jul 1992), v. 4(1) p. 21-25
_wBR9213356
909 _a202311
_bLúcia
_c55
_dLúcia Elande
942 _2AGRIS
_n0
_cANA
999 _c149715
_d149715